000 00547nam a2200169 i 4500
001 bg
100 1 _aGENIUSZ-WÓJCIK, Teresa
245 0 _aĆwiczenia do nauczania języka rosyjskiego w laboratorium językowym. Budownictwo Lądowe, Inżynieria Sanitarna i Lądowa /
_cTeresa Geniusz-Wójcik, Adam Murmyło.
260 _aCzęstochowa :
_bPolit. Częstoch.,
_c1976.
300 _as. 233.
700 1 _aMURMYŁO, Adam
040 _cBPK
041 _apol
080 _a624+628:808.2
942 _cKS
008 s pl f |000 0 pol
999 _c17221
_d17221
856 _uhttp://koha.tu.koszalin.pl/cgi-bin/koha/opac-detail.pl?biblionumber=17221
_yKatalog online BPK